Statistics for Undertale song quiz (VERY HARD)

Click here to take the quiz!

General Stats

  • This quiz has been taken 961 times
  • The average score is 36 of 101

Answer Stats

HintAnswer% Correct
Flowey's Main ThemeYour Best Friend
95%
Plays Throughout The CoreCORE
75%
Plays During The Sans FightMEGALOVANIA
69%
Plays During The CreditsBring It In, Guys
63%
Plays During the Mettaton FightMetal Crusher
62%
Papyrus' ThemeNyeh Heh Heh!
61%
Sans' Themesans.
57%
Plays when in SnowdinSnowdin Town
54%
Plays During The So Sorry FightWrong Enemy !?
51%
Plays during the Toriel fightHeartache
50%
Plays during the Muffet FightSpider Dance
50%
Plays during the Papyrus fightBonetrousle
49%
Plays in the RuinsRuins
49%
plays at toriels houseHome
48%
Plays In The Snowdin ForestSnowy
48%
Plays during the Asgore fightASGORE
47%
Plays during the Mettaton EX fightDeath by Glamour
47%
Plays in the WaterfallWaterfall
47%
Plays during the Napstablook fightGhost Fight
46%
the main theme of the gameUndertale
46%
Plays during the Photoshop Flowey FightYour Best Nightmare
46%
Plays during the Undyne the Undying fightBattle Against a True Hero
45%
Plays during the Mad Dummy fightDummy!
45%
Plays during the first phase of the Asriel fightHopes and Dreams
45%
plays at the beggining of the Papyrus DateDating Start!
44%
plays during the dog boss battleDogsong
44%
Plays When Toriel Interrupts The Asgore FightFallen Down (Reprise)
44%
plays during the Snail RaceThundersnail
44%
Alphys' themeAlphys
43%
Plays during the boss fights in the True LabAmalgam
43%
the tense stage of the Date with PapyrusDating Tense!
43%
Plays at the game over screenDetermination
42%
Toriels themeFallen Down
42%
Plays in the shop at Temmie VillageTem Shop
42%
Plays before the Asgore fightBergentrückung
41%
Plays during the Mettaton NEO fightPower of "NEO"
41%
The song that ironically does not play during the Sans fightSong That Might Play When You Fight Sans
41%
plays when Fighting with Papyrus during your DateDating Fight!
40%
plays in the ShopShop
40%
Plays in the Temmie VillageTemmie Village
40%
plays in the elevatorLong Elevator
38%
Plays When Being Judged By SansThe Choice
38%
Plays when Dogamy and Dogaressa are searching for the fallen childDogbass
37%
Plays during the opening sequenceOnce Upon a Time
37%
Plays in Napstablooks housePathetic House
37%
Plays when running from UndyneRun!
37%
Theme in HotlandAnother Medium
36%
plays in between the Core and the MTT resortCORE approach
36%
Plays when being encouraged by others pre-Asriel FightDon't Give Up
36%
Plays on the date with SansIt's Raining Somewhere Else
35%
The First CD in Napstablooks houseSpooktune
35%
the Second CD in Napstablooks houseSpookwave
35%
Plays when saving AsrielHis Theme
34%
plays at toriels house when the lights are offHome (Music Box)
34%
Plays when Mettaton bursts through the wallIt's Showtime!
34%
Plays during Sans' phone calls after a Neutral runAn Ending
33%
Plays during the Undyne FightSpear of Justice
33%
Plays when the Souls rebel against Photoshop FloweyFinale
32%
Plays throughout the True LabHere We Are
32%
Plays when saving the other characters SoulsSAVE the World
32%
Plays during the random encountersEnemy Approaching
30%
The Theme for the Piano PuzzleMemory
30%
Plays at the game menuStart Menu
29%
Plays when fighting Hard Mode enemiesStronger Monsters
29%
Plays before the Flowey fight in a Neutral runYou Idiot
29%
Plays before the Undyne the Undying fightBut the Earth Refused to Die
28%
Plays when laying down with NapstablookChill
28%
Mettaton's Opera SongOh! One True Love
28%
Plays during the second part of the Asriel fightBurn in Despair!
27%
Plays when RG 01 tells RG 012 he loves himConfession
27%
Plays at the end of the Mettaton EX fightFor the Fans
27%
The Holiday song in Napstablooks houseGhouliday
27%
Plays during Mettatons News showLive Report
27%
Plays before the Undyne fight in a Neutral route and during Undyne's cooking lessonNGAHHH!!
27%
plays when Mettaton transforms into Mettaton EXOh My...
27%
Plays when Defusing the bombs with MettatonDeath Report
26%
Plays when Toriel leaves you alone in the long hallwayUnnecessary Tension
26%
Plays when being carried by the birdBird That Carries You Over A Disproportionately Small Gap
25%
plays during Mettatons Color PuzzleOh! Dungeon
25%
Plays during the encounter with Undyne when the fallen Child is hiding in the bushesUndyne
25%
plays in the Menu after you have befriended everyoneMenu (Full)
24%
Plays during the ending scene of the True Pacifist routeRespite
24%
Plays during the Credits Mini gameLast Goodbye
23%
Plays outside Undyne's house before the date with herShe's Playing Piano
23%
Plays when the fallen human first meets AsgoreSmall Shock
23%
Plays at the Mysterious doorMysterious Place
22%
Plays when talking with Sans about "Mysterious Flowers"Premonition
22%
Plays at all times in the overworld at the end of the True Pacifist Route,Reunited
21%
Plays before the fight with AsgoreBarrier
20%
Plays when Papyrus is speaking to Undyne in their first onscreen appearenceDanger Mystery
19%
Plays during Mettatons cooking showHotel
19%
Plays In Hotland areas before the LabOoo
18%
Plays during the True Pacifist Ending after Asriel breaks the BarrierFinal Power
17%
Plays before the Mettaton fightLast Episode!
17%
Plays during the jetpack game with MettatonCan You Really Call This A Hotel I Didn't Receive A Mint On My Pillow Or Anything
16%
Plays during the neutral ending of the DemoGood Night
12%
plays during any encounters with TorielAnticipation
11%
Plays near Nice cream man and Muffets Bake Sale in HotlandQuiet Water
10%
plays in the Joystick Config menu during WinterUwa!! So Holiday♫
10%
plays in the Button Config menu in Spring and AutumnUwa!! So Temperate♫
10%
Plays in the Button Config menu in the SummerUwa!! So HEATS!!♫
8%

Score Distribution

Percentile by Number Answered

Percent of People with Each Score

Your Score History

You have not taken this quiz